Statistiques concernant Culture Générale - Série 1074

Cliquez ici pour prendre le quiz!

Statistiques générales

  • Ce quiz a été pris 45 fois
  • Le résultat moyen est 8 sur 10

Statistiques - réponses

Question Réponse % Correct
De quel sport Michael Jordan est-il considéré comme le meilleur joueur de tous les temps ?basket
100%
De quel pays européen le “caldo verde” est-il le plat national ?Portugal
95%
Quelle ville de la Drôme a pour spécialité le nougat ?Montélimar
93%
Quelle longue pièce de bois, indispensable à la fabrication d'une charpente, est aussi un agrès féminin de gymnastique ?poutre
90%
Quel est le pays d'origine du groupe de rock Tokio Hotel ?Allemagne
85%
Quelle actrice connaît un "fabuleux destin" depuis son rôle d'Amélie Poulain ?Audrey Tautou
80%
Sous le règne de quel roi de France la guillotine devint-elle le mode d'exécution national ?Louis XVI
78%
Dans quel pays se trouve le parc national de Wood Buffalo, qui abrite le plus grand delta intérieur du monde ?Canada
63%
De quel arbre originaire d'Australie, parfois appelé gommier, inhale-t-on l'huile essentielle pour lutter contre le rhume ?eucalyptus
56%
De quel sport la "Vasaloppet" est-elle une course annuelle ?ski de fond
32%

Distribution des résultats

Percentile par nombre de réponses

% des personnes avec chaque résultat

Votre développement - résultats

Vous n’avez pas pris ce quiz